banner koha

Proposta para atualizacao do credito rural (Registro n. 39597)

MARC details
000 -LÍDER
campo de controle de tamanho fixo 01310nam a22004337a 4500
001 - NÚMERO DE CONTROLE
campo de controle BR8702702
003 - IDENTIFICADOR DO NÚMERO DE CONTROLE
campo de controle BR-BrBNA
005 - DATA E HORÁRIO DA ÚLTIMA TRANSAÇÃO
campo de controle 20230928092526.0
007 - CAMPO FIXO DE DESCRIÇÃO FÍSICA--INFORMAÇÃO GERAL
campo de controle de tamanho fixo ta
008 - CAMPO DE DADOS FIXOS--INFORMAÇÃO GERAL
campo de controle de tamanho fixo 230509b bl.||||| |||| 00| 0 por d
040 ## - FONTE DA CATALOGAÇÃO
Instituição da catalogação original BR-BrBNA
Idioma da catalogação por
Instituição que transcreveu o registro Biblioteca Nacional de Agricultura
041 ## - CÓDIGO DE IDIOMA
Código do idioma do texto/trilha sonora ou título diferente (Por)
072 ## - CÓDIGO DE CATEGORIA DE ASSUNTO
Código de Categoria de Assunto E13
090 ## - NÚMERO DE CHAMADA LOCAL
-- E13 BR8702702
100 1# - ENTRADA PRINCIPAL--NOME PESSOAL
Nome pessoal Castro, J.A.D. de
100 1# - ENTRADA PRINCIPAL--NOME PESSOAL
Nome pessoal Castro, J.M. de
100 1# - ENTRADA PRINCIPAL--NOME PESSOAL
Nome pessoal Santos, M.M.
100 1# - ENTRADA PRINCIPAL--NOME PESSOAL
Nome pessoal Alves, M.F.
100 1# - ENTRADA PRINCIPAL--NOME PESSOAL
Nome pessoal Machado, T.
100 1# - ENTRADA PRINCIPAL--NOME PESSOAL
Nome pessoal Aguiar, B.A. de
100 1# - ENTRADA PRINCIPAL--NOME PESSOAL
Nome pessoal Fernandes, E. de A.
100 1# - ENTRADA PRINCIPAL--NOME PESSOAL
Nome pessoal Laender, F.C.
100 1# - ENTRADA PRINCIPAL--NOME PESSOAL
Nome pessoal Pires, J.A.D.A.
100 1# - ENTRADA PRINCIPAL--NOME PESSOAL
Nome pessoal Paula, J.A.A. de
100 1# - ENTRADA PRINCIPAL--NOME PESSOAL
Nome pessoal Freire, J.A.
100 1# - ENTRADA PRINCIPAL--NOME PESSOAL
Nome pessoal Oliveira Filho, J.M. de
100 1# - ENTRADA PRINCIPAL--NOME PESSOAL
Nome pessoal Silvestre, J.R.A.
100 1# - ENTRADA PRINCIPAL--NOME PESSOAL
Nome pessoal Silva, J.T. da
100 1# - ENTRADA PRINCIPAL--NOME PESSOAL
Nome pessoal Vicente, J. de C.
100 1# - ENTRADA PRINCIPAL--NOME PESSOAL
Nome pessoal Moraes, M. do C.
110 1# - ENTRADA PRINCIPAL--NOME CORPORATIVO
Nome corporativo ou nome da jurisdição Empresa de Assistencia Tecnica e Extensao Rural do Estado de Minas Gerais, Belo Horizonte (Brasil). Coordenadoria de Apoio Tecnico
9 (RLIN) 4019
245 1# - TÍTULO
Título Proposta para atualizacao do credito rural
260 3# - PUBLICAÇÃO, DISTRIBUIÇÃO, ETC.
Local de publicação, distribuição, etc. Belo Horizonte, MG (Brasil):
Data da publicação, distribuição, etc. 1980.
300 ## - DESCRIÇÃO FÍSICA
Extensão 75 p.
500 ## - NOTA GERAL
Nota geral (*) Documento disponível no(a) EMATER, Belo Horizonte, MG (Brazil)
650 ## - ASSUNTO--TERMO TÓPICO
Cabeçalho tópico ou nome geográfico CREDITO RURAL
909 ## -
-- 202309
-- Lucia
-- 55
-- Lucia Elande
942 ## - ELEMENTOS DE ENTRADA ADICIONADOS (KOHA)
Tipo de material Koha Livros
Exemplares
Situação do descarte Fonte da classificação ou esquema de arquivamento na estante Situação física Não pode ser emprestado Biblioteca de origem Biblioteca atual Total de empréstimos Data de último acesso Número do exemplar Tipo de material Koha Nota pública Situação das perdas Data de aquisição Fonte de aquisição Qualificador de local codificado Custo, preço normal de compra Número do inventário Custo, preço de reposição Preço efetivo de
  Classificação AGRIS   INDISPONÍVEL Centro Cooperante Centro Cooperante   25/09/2023 01 Livros (*) Documento disponível no(a) EMATER, Belo Horizonte, MG (Brazil) Em falta              

BINAGRI

Telefone: (61)3218-2567/2388/3357/2097 - binagri@agro.gov.br

Ministério da Agricultura e Pecuária , Esplanada dos Ministérios, Bloco D, Anexo B, Brasília/DF, CEP: 70.043-900